00462 2200169 4500001002100000005001500021008004100036020001800077035001900095041000700114082001100121090001700132100003800149245006300187260001500250300002700265INLIS00000000000010220241224112122241224||||||||| | ||| |||| || |  a979-763-375-6 0010-1224000102 aid0 a338.04 a338.04 TIM n0 aJeffry A.Timmons and stephen spin00aNew Venture Creation Entrepreneurship For The 21st Century bandic2008 axxxvi, 524 hlm.; 28 cm